Mots par formule chimique - 4 - Statistiques

Statistiques générales
  • Ce quiz a été pris 221 fois
  • Le résultat moyen est 9 sur 10
Statistiques - réponses
Formule Mot % Correct
Chrome-Oxygène-Carbon Croc
98%
Calcium-Azote-Neon Canne
97%
Chlore-Oxygène-Carbone-Hélium Cloche
96%
Carbone-Argon-Iode-Carbone-Astate-Uranium-Rhénium Caricature
95%
Lutecium-Carbone-Iode-Fluor-Erbium Lucifer
94%
Praséodyme-Indium-Céryum Prince
92%
Einsteinium-Phosphore-Iode-Oxygène-Azote Espion
91%
Fluor-Oxygène-Indium Foin
90%
Americium-Yttrium-Gadolinium-Aluminium-Einsteinium Amygdales
86%
Tungstène-Argent-Oxygène-Azote Wagon
83%
Aucun quiz correspondant
Distribution des résultats
% des personnes avec chaque résultat
Percentile par nombre de réponses
Votre historique - résultats
Vous n’avez pas pris ce quiz